Detalles MARC
| 000 -LEADER |
| fixed length control field |
01907nam a22002777a 4500 |
| 003 - CONTROL NUMBER IDENTIFIER |
| control field |
DO-SdBNP |
| 005 - DATE AND TIME OF LATEST TRANSACTION |
| control field |
20211019111159.0 |
| 007 - PHYSICAL DESCRIPTION FIXED FIELD--GENERAL INFORMATION |
| fixed length control field |
ta |
| 008 - FIXED-LENGTH DATA ELEMENTS--GENERAL INFORMATION |
| fixed length control field |
210906b 2019 dr 00| 0 eng d |
| 020 ## - INTERNATIONAL STANDARD BOOK NUMBER |
| International Standard Book Number |
9789945894691 (rústica) |
| 020 ## - INTERNATIONAL STANDARD BOOK NUMBER |
| International Standard Book Number |
9789945917901 (tapa dura) |
| 040 ## - CATALOGING SOURCE |
| Original cataloging agency |
DO-SdBNP |
| Language of cataloging |
spa |
| Transcribing agency |
BPMSU |
| 082 ## - DEWEY DECIMAL CLASSIFICATION NUMBER |
| Item number |
E77s 2019 |
| Classification number |
RD863.44 |
| Edition number |
22 |
| 100 1# - MAIN ENTRY--PERSONAL NAME |
| Personal name |
Espaillat Cabral, Arnaldo |
| 245 13 - TITLE STATEMENT |
| Title |
El secreto del monje / |
| Statement of responsibility, etc. |
Arnaldo Espaillat Cabral |
| 260 ## - PUBLICATION, DISTRIBUTION, ETC. (IMPRINT) |
| Place of publication, distribution, etc. |
Santo Domingo : |
| Name of publisher, distributor, etc. |
Academia de Ciencias de la República Dominicana, |
| Date of publication, distribution, etc. |
2019. |
| 300 ## - PHYSICAL DESCRIPTION |
| Extent |
293 p. : |
| Other physical details |
il. ; |
| Dimensions |
23 cm.. |
| 500 ## - GENERAL NOTE |
| General note |
Incluye datos biográficos del autor en la solapa de la cubierta |
| 505 ## - FORMATTED CONTENTS NOTE |
| Formatted contents note |
Santo Domingo, 1881: -- La cinta secreta -- El testamento --El cronista de las Indias -- Los caballeros del Adviento --Ese hombre es un Don Juan -- El conde de Villamediana -- A la hora del Angelus. el alcazar: -- El presbiterio de la Catedral --Un error histórico. El convento de la Merced -- La celda del monje -- Bajo las arcadas del claustro -- La madre desconocida -- El servicio secreto -- La nao Santa Catalina -- La boda secreta -- El código de las siete partidas -- La sin ventura -- En el valle de Panchoy. El nitaino del Ozama --La heredera -- Las heridas del ayer -- El mesón de Araujo.-- Once años después : -- La insólita demanda -- A puerta cerrada --Los imponderables --Las hojas secas -- La prueba documental. La condesa de Lemos -- : --La impunidad engendra pecado -- Un inefable magnetismo -- Las oligarquías nunca olvidan -- Las llagas del pecado --Una fragante flor de loto -- Cuando impera la intriga -- El convento de Santa Clara -- Impera una calma ominosa -- Epílogo |
| 590 ## - LOCAL NOTE (RLIN) |
| Local note |
Inventariado, 2021/VM |
| 650 #4 - SUBJECT ADDED ENTRY--TOPICAL TERM |
| Topical term or geographic name as entry element |
Novela histórica dominicana |
| 650 #4 - SUBJECT ADDED ENTRY--TOPICAL TERM |
| Topical term or geographic name as entry element |
Literatura dominicana |
| 710 2# - ADDED ENTRY--CORPORATE NAME |
| Corporate name or jurisdiction name as entry element |
Academia de Ciencias de la República Dominicana, |
| 910 ## - USER-OPTION DATA (OCLC) |
| User-option data |
VMateo V, |
| 942 ## - ADDED ENTRY ELEMENTS (KOHA) |
| Source of classification or shelving scheme |
Dewey Decimal Classification |
| Koha item type |
Libros |